Guess the Helsinki neighborhood/district based of the picture - Statistics

General Stats
  • This quiz has been taken 122 times
  • The average score is 10 of 16
Answer Stats
Picture Answer % Correct
Kalasatama
96%
Kamppi
96%
Suomenlinna
96%
Pasila
94%
Itäkeskus
81%
Töölö
81%
Sörnäinen
77%
Pikku Huopalahti
59%
Kruununhaka
58%
Herttoniemi
57%
Aurinkolahti
52%
Pohjois-Haaga
42%
Meilahti
36%
Katajanokka
30%
Arabia
27%
Ruskeasuo
14%
No matching quizzes found
Score Distribution
Percent of People with Each Score
Percentile by Number Answered
Your Score History
You have not taken this quiz